Física (Record no. 139429)

MARC details
000 -LÍDER
campo de controle de tamanho fixo 01335 a2200181 4500
001 - NÚMERO DE CONTROLE
campo de controle 139429
040 ## - FONTE DA CATALOGAÇÃO
Instituição que transcreveu o registro Leonardo Da Vinci
041 ## - CÓDIGO DE IDIOMA
Código do idioma do texto/trilha sonora ou título diferente Português
082 ## - CDD - CLASSIFICAÇÃO DECIMAL DE DEWEY
Número de Classificação 530 B699fb
Número do exemplar B699fb
100 ## - ENTRADA PRINCIPAL--NOME PESSOAL
Nome pessoal BONJORNO, Regina F. S. Azenha
-- BONJORNO, José Roberto
-- BONJORNO, Valter
245 ## - TÍTULO
Título Física
Restante do título cinemática; cinemática vetorial; dinâmica; gravitação universal;<br/>estática; mecânica dos fluidos
250 ## - EDIÇÃO
Edição v.1
260 ## - PUBLICAÇÃO, DISTRIBUIÇÃO, ETC.
Nome do editor, distribuidor, etc. FTD
Data da publicação, distribuição, etc. 1985
Local de publicação, distribuição, etc. São Paulo
300 ## - DESCRIÇÃO FÍSICA
Extensão 320
362 ## - DATAS DE PUBLICAÇÃO E/OU DESIGNAÇÃO SEQUENCIAL
Datas de publicação e/ou designação sequencial 19850000
697 ## - ENTRADA DE ASSUNTO LOCAL--ENTIDADE COLETIVA (RLIN)
Nome corporativo ou nome da jurisdição Física
-- Potência de dez
-- Cinemática
-- Repouso
-- Movimento
-- Velocidade
-- Aceleração
-- Movimento uniforme
-- Movimento uniformemente variado - MUV
-- Equação de Torricelli
-- Gráficos
-- Diagramas
-- Queda dos corpos
-- Vetores
-- Movimentos circulares
-- Dinâmica
-- Inércia
-- Força
-- Dinamômetros
-- Leis de Newton
-- Lei de Hooke
-- Atrito
-- Força
-- Movimento circular
-- Trabalho
-- Potência
-- Energia
-- Impulsos
-- Movimentos
-- Choque
-- Gravitação Universal
-- Lei de Kepler
-- Velocidade de escape
-- Leis de gravitação
-- Estática
-- Teorema de Varignon
-- Equilíbrio do corpo
-- Máquinas simples
-- Talha exponencial
-- Alavanca
-- Mecânica dos fluídos
-- Densidade
-- Pressão
-- Teorema de Stevin
-- Teorema de Pascal
-- Experiência de Torricelli
-- Prensa hidráulica
-- Empuxo
-- Teorema de Arquimedes
-- Corpos imersos
-- Corpos flutuantes
-- Ensino Médio
942 ## - ELEMENTOS DE ENTRADA ADICIONADOS (KOHA)
Tipo de material Koha Livros
Holdings
Situação do descarte Situação das perdas Situação física Não pode ser emprestado Biblioteca de origem Biblioteca atual Data de aquisição Total de empréstimos Número de chamada completo Código de barras Data de último acesso Data do preço efetivo Tipo de material Koha
        Leonardo Da Vinci - Osasco Leonardo Da Vinci - Osasco 27/03/2024   530 B699fb O002406 27/03/2024 27/03/2024 Livros
        Leonardo Da Vinci - Osasco Leonardo Da Vinci - Osasco 27/03/2024   530 B699fb O002409 27/03/2024 27/03/2024 Livros